• 首页
  • 本馆介绍
  • 公告通知
  • 最新文献
  • 馆藏检索
  • 电子资源
  • 读者导购
  • 参考咨询
  • 我的图书馆
  • 登录
  • 详细信息显示
  • 放入我的书架
  • 预约/预借图书
  • 作者相关作品
  • 分类相关作品
  • 丛书相关作品
  • 出版社相关作品

书目信息

  • 表格格式
  • 工作单格式
  • 卡片格式
题名:
国家与海洋权益
    
 
作者: 江红义 著
分册:  
出版信息: 北京   人民出版社  2015.6
页数: 204页
开本: 23cm
丛书名:
单 册:
中图分类: D993.5
科图分类:
主题词: 海洋权--研究
电子资源:
ISBN: 978-7-01-014767-3
000 00985nam0 2200253 450
001 351832
005 20161017103640.97
010    @a978-7-01-014767-3@dCNY35.00
100    @a20160125d2015 em y0chiy50 ea
101 0  @achi@deng
102    @aCN@b110000
105    @ay z 000yy
106    @ar
200 1  @a国家与海洋权益@dState and sea righy interests@f江红义著@zeng
210    @a北京@c人民出版社@d2015.6
215    @a204页@d23cm
300    @a海南大学学科建设专项基金资助项目 教育部人文社科2013年规划项目 “三沙市海洋管理体制创新研究”阶段性成果
330    @a本书从历史角度分析了海洋权力与海洋权利的发展与演变历程,并根据国家自主性理论对海洋权益予以分析。具体内容包括:海洋是国家的重大利益、国家与海洋权力、国家与海洋权利、国家自主性与海洋权益、关于南海问题研究的回顾与反思等。
510 1  @aState and sea righy interests@zeng
606 0  @a海洋权@x研究
690    @aD993.5@v5
701  0 @a江红义@4著
801  0 @aCN@bTANGWEI@c20161010
905    @b0896740-4@dD993.5@e160@f5
    
    国家与海洋权益=State and sea righy interests/江红义著.-北京:人民出版社,2015.6
    204页;23cm
    海南大学学科建设专项基金资助项目 教育部人文社科2013年规划项目 “三沙市海洋管理体制创新研究”阶段性成果
    
    ISBN 978-7-01-014767-3:CNY35.00
    本书从历史角度分析了海洋权力与海洋权利的发展与演变历程,并根据国家自主性理论对海洋权益予以分析。具体内容包括:海洋是国家的重大利益、国家与海洋权力、国家与海洋权利、国家自主性与海洋权益、关于南海问题研究的回顾与反思等。
●
相关链接 在E读中查询图书 在五车中查询图书 在当当中查询图书 在豆瓣中查询图书


正题名:国家与海洋权益     索取号:D993.5/160         预约/预借

序号 登录号 条形码 馆藏地/架位号 状态 备注
1 0896740   208967402   第一样本阅览室/ [索取号:D993.5/160] 在馆    
2 0896741   208967411   第一借阅区/ [索取号:D993.5/160] 在馆    
3 0896742   208967420   第一借阅区/ [索取号:D993.5/160] 在馆    
4 0896743   208967439   第一借阅区/ [索取号:D993.5/160] 在馆    
5 0896744   208967448   史法系资料室/ [索取号:D993.5/160] 在馆    
唐山师范学院图书馆 欢迎您!
大连网信软件有限公司© 版权所有